00320cam a2200109 i 450008200120000024500460001226000390005830000280009749000460012565000220017170000170019300a661 MOD04aThe Modern inorganic chemicals industry : aLondon :bChemical Society,c1977. axviii, 466 p. :bill. ;1 aSpecial publication -- Chemical Society ; 0aChemical industry1 aThompson, R.